000 00328 a2200109 4500
050 _aBF575.F7
_bH3 1984
100 _aHarvey, Edwin
_91857
245 _aFrustration, failure, rejection and betrayal /
_cEdwin and Lilian Harvey.
260 _aHampton, TN :
_bHarvey and Tait,
_cc1984.
300 _a104 p. ;
_c21 cm.
942 _2lcc
_cBK
_n0
999 _c1437
_d1437